000 00316nam a22001457a 4500
008 230907b ||||| |||| 00| 0 eng d
020 _a06910080828
041 _aeng
080 _a51
082 _a51GIL
100 _a23
101 _aMATEM
245 _aLAZARE CARNOT SAVANT
_cGILLISPIE .C.CH
942 _2udc
_cBK
999 _c60300
_d60300